000 00643cam a22002053a 4500
001 38956
003 PGUSA
005 20140828083848.0
008 120225s2012||||xxu|||||s|||||000 | eng d
040 _aPGUSA
_beng
042 _adc
100 1 _aSclater, P. L.
245 1 0 _aArgentine Ornithology, Volume I (of 2) :
_bA descriptive catalogue of the birds of the Argentine Republic.
_h[electronic resource] /
_cP. L. Sclater
260 _bProject Gutenberg,
_c2012
506 _aPublic domain in the USA.
516 _aElectronic text
830 0 _aProject Gutenberg
_v38956
856 4 0 _uhttp://www.gutenberg.org/ebooks/38956
942 _cEB
999 _c268209
_d268209